000 00414 a2200157 4500
001 57879
020 _a
040 _cAnchieta - Pituba
100 _aBruns, Roger
240 1 0 _aJúlio César
_lpor
245 1 0 _aJúlio César
300 _a85
362 0 _a1988
650 4 _aPessoas em literatura, história, biografia, genealogia (incluindo historiadores, escritores e críticos da literatura)
942 _cBK
999 _c57879
_d57879